MARC details
| 000 -LEADER |
| campo de control de longitud fija |
01677nam a2200445Ia 4500 |
| 001 - NÚMERO DE CONTROL |
| campo de control |
058469 |
| 008 - DATOS DE LONGITUD FIJA--INFORMACIÓN GENERAL |
| campo de control de longitud fija |
221003m2020 xx 000 0 spa d |
| 035 ## - NÚMERO DE CONTROL DEL SISTEMA |
| Número de control de sistema |
CENDO_48023 |
| 041 ## - CÓDIGO DE IDIOMA |
| Código de lengua del texto/banda sonora o título independiente |
spa |
| 245 #0 - MENCIÓN DEL TÍTULO |
| Título |
<La> epidemia del COVID-19 revela la debilidad de la prevención de riesgos laborales en España |
| 260 ## - PUBLICACIÓN, DISTRIBUCIÓN, ETC. |
| Lugar de publicación, distribución, etc. |
[Valladolid] : |
| Nombre del editor, distribuidor, etc. |
Unión Sindical de Castilla y León, |
| Fecha de publicación, distribución, etc. |
2020 |
| 300 ## - DESCRIPCIÓN FÍSICA |
| Extensión |
1 p. ; |
| Dimensiones |
30 cm |
| 500 ## - NOTA GENERAL |
| Nota general |
En: BOICCOOT a la Siniestralidad Laboral : Boletín Informativo de CCOO para los Trabajadores y Trabajadoras, n. 284 (mayo 2020), p. 3 |
| 650 ## - PUNTO DE ACCESO ADICIONAL DE MATERIA--TÉRMINO DE MATERIA |
| Término de materia o nombre geográfico como elemento de entrada |
DIA MUNDIAL DE LA SEGURIDAD Y SALUD EN EL TRABAJO |
| 9 (RLIN) |
39765 |
| 650 #0 - PUNTO DE ACCESO ADICIONAL DE MATERIA--TÉRMINO DE MATERIA |
| Término de materia o nombre geográfico como elemento de entrada |
ASISTENCIA MEDICA |
| 9 (RLIN) |
556 |
| 650 ## - PUNTO DE ACCESO ADICIONAL DE MATERIA--TÉRMINO DE MATERIA |
| Término de materia o nombre geográfico como elemento de entrada |
RIESGO |
| 9 (RLIN) |
1825 |
| 650 ## - PUNTO DE ACCESO ADICIONAL DE MATERIA--TÉRMINO DE MATERIA |
| Término de materia o nombre geográfico como elemento de entrada |
MEDIDAS PROTECTORAS |
| 9 (RLIN) |
32552 |
| 650 ## - PUNTO DE ACCESO ADICIONAL DE MATERIA--TÉRMINO DE MATERIA |
| Término de materia o nombre geográfico como elemento de entrada |
PREVENCION |
| 9 (RLIN) |
4589 |
| 650 ## - PUNTO DE ACCESO ADICIONAL DE MATERIA--TÉRMINO DE MATERIA |
| Término de materia o nombre geográfico como elemento de entrada |
ACCIDENTE DE TRABAJO |
| 9 (RLIN) |
581 |
| 650 ## - PUNTO DE ACCESO ADICIONAL DE MATERIA--TÉRMINO DE MATERIA |
| Término de materia o nombre geográfico como elemento de entrada |
ENFERMEDAD PROFESIONAL |
| 9 (RLIN) |
154 |
| 650 ## - PUNTO DE ACCESO ADICIONAL DE MATERIA--TÉRMINO DE MATERIA |
| Término de materia o nombre geográfico como elemento de entrada |
AJUSTE ESTRUCTURAL |
| 9 (RLIN) |
1105 |
| 650 ## - PUNTO DE ACCESO ADICIONAL DE MATERIA--TÉRMINO DE MATERIA |
| Término de materia o nombre geográfico como elemento de entrada |
CONFLICTO SOCIAL |
| 9 (RLIN) |
368 |
| 650 ## - PUNTO DE ACCESO ADICIONAL DE MATERIA--TÉRMINO DE MATERIA |
| Término de materia o nombre geográfico como elemento de entrada |
SEGURIDAD EN EL TRABAJO |
| 9 (RLIN) |
492 |
| 650 ## - PUNTO DE ACCESO ADICIONAL DE MATERIA--TÉRMINO DE MATERIA |
| Término de materia o nombre geográfico como elemento de entrada |
SALUD EN EL TRABAJO |
| 9 (RLIN) |
155 |
| 650 ## - PUNTO DE ACCESO ADICIONAL DE MATERIA--TÉRMINO DE MATERIA |
| Término de materia o nombre geográfico como elemento de entrada |
EPIDEMIA |
| 9 (RLIN) |
13534 |
| 650 #0 - PUNTO DE ACCESO ADICIONAL DE MATERIA--TÉRMINO DE MATERIA |
| Término de materia o nombre geográfico como elemento de entrada |
ENFERMEDAD INFECCIOSA |
| 9 (RLIN) |
8551 |
| 650 ## - PUNTO DE ACCESO ADICIONAL DE MATERIA--TÉRMINO DE MATERIA |
| Término de materia o nombre geográfico como elemento de entrada |
ESPAÑA |
| 9 (RLIN) |
9 |
| 650 #0 - PUNTO DE ACCESO ADICIONAL DE MATERIA--TÉRMINO DE MATERIA |
| Término de materia o nombre geográfico como elemento de entrada |
ACTITUD SINDICAL |
| 9 (RLIN) |
61 |
| 650 #0 - PUNTO DE ACCESO ADICIONAL DE MATERIA--TÉRMINO DE MATERIA |
| Término de materia o nombre geográfico como elemento de entrada |
COVID-19 |
| 9 (RLIN) |
16125 |
| 710 ## - ENTRADA AGREGADA--NOMBRE DE ENTIDAD CORPORATIVA |
| Nombre de entidad corporativa o nombre de jurisdicción como elemento de entrada |
CCOO |
| Unidad subordinada |
Unión Sindical de Castilla y León, |
| Término indicativo de función/relación |
ed. |
| 9 (RLIN) |
20291 |
| 856 ## - LOCALIZACIÓN Y ACCESO ELECTRÓNICOS |
| Nota pública |
PDF |
| Identificador Uniforme de Recursos |
<a href="http://docpublicos.ccoo.es/cendoc/058469EpidemiaDebilidadPrevencion.pdf">http://docpublicos.ccoo.es/cendoc/058469EpidemiaDebilidadPrevencion.pdf</a> |
| 901 ## - ELEMENTOS DE DATOS A LOCAL LDA (RLIN) |
| a |
0 |
| 903 ## - ELEMENTOS DE DATOS C LOCAL, LDC (RLIN) |
| a |
NO |
| 904 ## - ELEMENTOS DE DATOS D LOCAL, LDD (RLIN) |
| a |
000 |
| 907 ## - ELEMENTOS DE DATOS G LOCAL, LDG (RLIN) |
| a |
28 de Abril |
| 953 ## - |
| -- |
2020-05-04 |
| -- |
DOCU_ELEC |
| -- |
BOICCOOT a la Siniestralidad Laboral : Boletín Informativo de CCOO para los Trabajadores y Trabajadoras, n. 284 (mayo 2020), p. 3 |
| -- |
PS98 |
| 910 ## - DATOS DE OPCIÓN DEL USUARIO (OCLC) |
| Datos de opción del usuario |
2020 |
| 942 ## - ELEMENTOS DE ENTRADA SECUNDARIOS (KOHA) |
| Tipo de ítem Koha |
Documento Electrónico |